|
|
|
|
| LEADER |
00000nam0a2200000 4500 |
| 001 |
106719 |
| 005 |
20231031115019.0 |
| 035 |
|
|
|a (RuTPU)RU\TPU\book\115242
|
| 090 |
|
|
|a 106719
|
| 100 |
|
|
|a 20061212d1959 k y0rusy50 ca
|
| 101 |
0 |
|
|a rus
|
| 102 |
|
|
|a RU
|
| 105 |
|
|
|a a z 001zy
|
| 200 |
1 |
|
|a Анализ минерального сырья
|f под ред. Ю. Н. Книпович и Ю. В. Морачевского
|
| 205 |
|
|
|a 3-е изд., стер., испр.
|
| 210 |
|
|
|a Ленинград
|c Госхимиздат
|d 1959
|
| 215 |
|
|
|a 1056 с.
|c ил.
|
| 320 |
|
|
|a Библиография в конце глав.
|
| 606 |
1 |
|
|a Минеральное сырье
|x Анализ
|2 stltpush
|3 (RuTPU)RU\TPU\subj\44018
|
| 610 |
1 |
|
|a анализ
|
| 610 |
1 |
|
|a нерудные ископаемые
|
| 610 |
1 |
|
|a анализы
|
| 610 |
1 |
|
|a минералы
|
| 610 |
1 |
|
|a руды черных металлов
|
| 610 |
1 |
|
|a руды цветных металлов
|
| 610 |
1 |
|
|a руды редких элементов
|
| 610 |
1 |
|
|a воды природные
|
| 610 |
1 |
|
|a рассолы
|
| 675 |
|
|
|a 553.08
|v 3
|
| 702 |
|
1 |
|a Книпович
|b Ю. Н.
|g Юлия Николаевна
|4 340
|
| 702 |
|
1 |
|a Морачевский
|b Ю. В.
|g Юрий Витальевич
|4 340
|
| 801 |
|
1 |
|a RU
|b 63413507
|c 20061212
|g PSBO
|
| 801 |
|
2 |
|a RU
|b 63413507
|c 20230214
|g PSBO
|
| 942 |
|
|
|c BK
|